000 00206 a2200097 4500
001 30346
100 _aReader
245 _aFireside Reader
260 _aNew york
_bReaders Digest
_c
090 _c20297
_d20297
942 _aNUST-CAE
_cM
_c11444
999 _c265419
_d265419